000 00341nam a2200133Ia 4500
005 20251222155106.0
008 251222s9999||||xx |||||||||||||| ||spa||
082 _aEDUM.87
100 _aLUIS ROJAS CAMPOS
245 0 _aEn el nuevo enfoque pedagógico los materiales educativos
250 _a1ra. ed.
264 _bSan Marcos
942 _cLIB
999 _c37850
_d37850